[Event "Barcelona Sant Marti op-B 15th"]
[Site "Barcelona"]
[Date "2013.07.21"]
[Round "9"]
[White "Martin Sanchez, Antoni"]
[Black "Cantero Mitjans, Carles"]
[Result "1-0"]
[WhiteElo "1730"]
[BlackElo "1639"]
[PlyCount "93"]
[EventDate "2013.07.13"]
[EventType "swiss"]
[EventRounds "9"]
[EventCountry "ESP"]
[SourceTitle "CBM 155 Extra"]
[Source "ChessBase"]
[SourceDate "2013.08.26"]
[SourceVersion "1"]
[SourceVersionDate "2013.08.26"]
[SourceQuality "1"]

1. d4 c6 2. c4 d5 3. e3 Nf6 4. Nc3 Bf5 5. Nf3 e6 6. a3 Bd6 7. Be2 dxc4 8. Bxc4 Nbd7 9. 0-0 Nb6 10. Be2 h6 11. Nd2 Bc7 12. Bf3 0-0 13. Re1 Bh7 14. b4 Nbd5 15. Bb2 Nxc3 16. Bxc3 Rc8 17. Rc1 a6 18. Qe2 Re8 19. Nb3 Qd6 20. g3 Bb6 21. Nd2 Ba7 22. Bb2 b5 23. Qf1 Nd7 24. Qg2 Nb8 25. Nb3 Bb6 26. Nc5 Bxc5 27. Rxc5 Bd3 28. Rc3 Bc4 29. Rec1 Qd7 30. Rd1 Qd8 31. e4 Re7 32. Bc1 Rd7 33. Be3 a5 34. Rd2 a4 35. Bd1 Qf6 36. f4 Rcd8 37. Qf2 Qe7 38. Bxa4 bxa4 39. Rxc4 Na6 40. Rdc2 Nb8 41. Rc1 Qf6 42. Qc2 Qg6 43. e5 Qg4 44. Kg2 Qf5 45. Qxf5 exf5 46. Rc5 Kf8 47. Ra5 1-0

[Event "Barcelona Sant Marti op-B 15th"]
[Site "Barcelona"]
[Date "2013.07.14"]
[Round "2"]
[White "Cantero Mitjans, Carles"]
[Black "Cartro Turu, Gabriel"]
[Result "1/2-1/2"]
[WhiteElo "1639"]
[BlackElo "1944"]
[PlyCount "138"]
[EventDate "2013.07.13"]
[EventType "swiss"]
[EventRounds "9"]
[EventCountry "ESP"]
[SourceTitle "CBM 155 Extra"]
[Source "ChessBase"]
[SourceDate "2013.08.26"]
[SourceVersion "1"]
[SourceVersionDate "2013.08.26"]
[SourceQuality "1"]

1. e4 d5 2. exd5 Qxd5 3. Nc3 Qa5 4. Bc4 Nc6 5. Nf3 Bg4 6. 0-0 0-0-0 7. Be2 e6 8. d3 Bd6 9. Ne4 Bxf3 10. Nxd6+ Rxd6 11. Bxf3 Nd4 12. Be3 Nf6 13. Bxd4 Rxd4 14. c3 Rd6 15. Qc2 Qf5 16. Qb3 Rb6 17. Qc2 Rd8 18. Rfd1 Rbd6 19. Qb3 Rb6 20. Qa3 Qb5 21. Rab1 a6 22. Qe7 Qd7 23. Qxd7+ Rxd7 24. d4 Rbd6 25. Kf1 Nd5 26. g3 g5 27. Rd2 f5 28. Re1 Nf6 29. Rde2 Re7 30. b3 c6 31. c4 Kd7 32. d5 cxd5 33. cxd5 Nxd5 34. Rd2 Ne3+ 35. Ke2 Rxd2+ 36. Kxd2 Nd5 37. Bxd5 exd5 38. Rxe7+ Kxe7 39. Kd3 Kd6 40. Kd4 h5 41. f4 g4 42. b4 b6 43. a3 Ke6 44. Ke3 Kd6 45. Kd4 a5 46. Kc3 Kc6 47. Kd4 axb4 48. axb4 Kb5 49. Kxd5 Kxb4 50. Ke5 Kc4 51. Kxf5 b5 52. Kg5 b4 53. f5 b3 54. f6 b2 55. f7 b1Q 56. f8Q Qb5+ 57. Qf5 Qe8 58. Qg6 Qe5+ 59. Kh4 Qb2 60. Qf7+ Kd3 61. Kxh5 Qxh2+ 62. Kxg4 Qh8 63. Qf3+ Kd4 64. Qf2+ Kd5 65. Qf5+ Kd6 66. Qf4+ Kd7 67. Kf3 Qa8+ 68. Qe4 Qf8+ 69. Qf4 Qa8+ 1/2-1/2